000 00361nam a2200157Ia 4500
005 20250425161124.0
008 250425s9999 xx 000 0 und d
041 _aspa
082 _a530
245 0 _aFISICA PROGRAMADA VOL. IV TEORIA CINETICA Y T
250 _aS.E.
260 _aS.L.
260 _aSin Pais
_bS.E.
_c1900
942 _c01
010 _a13170
999 _c202854
_d202854